000 02831nam0a2200505 4500
001 RU\NLR\bibl\331267
005 20260407083648.0
010 _a5-87098-049-6
010 _a5-87098-052-6
_bв пер.
_910000
021 _aRU
_b2002-36461
_91775
021 _aRU
_b2002-36981
_91807
035 _a(NLR Aleph) 000326234
090 _a128463
_c128463
100 _a20021025d2002 |||y0rusy50 ca
101 0 _arus
102 _aRU
105 _aa j||||||||
181 0 _ai
_baxxe
182 0 _an
200 1 _aФольклор народов Крайнего Севера и Дальнего Востока России
_e[сборник
_eдля среднего и старшего школьного возраста
_fредактор-составитель: Е.Р. Акбальян
_gвступит. статья и общая редакция А.В. Преловского
_gПрезидентская программа "Дети России"
_gФедеральная целевая программа "Дети Севера"]
203 _aТекст
_bвизуальный
_cнепосредственный
210 _aМосква
_cСеверные просторы
_d2002
215 _d21
_a542,[1] с.
_cцв. ил.
225 1 _aСеверная библиотека школьника
_eв 4-х книгах
_vкн. 1
320 _aБиблиогр.: с. 522-536
606 1 _aФольклор
_jУчебные издания специальные для средней школы
_yСеверный край
_91593910
_3RU\NLR\AUTH\66999471
606 1 _aФольклор
_jУчебные издания специальные для средней школы
_yДальневосточный край
_91005577
_3RU\NLR\AUTH\66382040
610 0 _aФольклор народов Крайнего Севера Российской Федерации (х. л.)
610 0 _aФольклор народов Дальнего Востока Российской Федерации (х. л.)
675 _a821(571)-93
_v3
_zrus
686 _a82.3(2Рос)-6
_2rubbk
686 _aШ3(251)3-2я43
702 1 _aАкбальян
_bЕ. Р.
_gЕлена Рубеновна
_4220
_4340
702 1 _4340
_8rus
_7ca
_aПреловский
_bА.В.
_f1934-
_gАнатолий Васильевич
_3RU\NLR\AUTH\7722068
_95129
712 0 2 _4475
_a"Дети России", президентская программа
_3RU\NLR\AUTH\889759
_9292010
712 0 2 _4475
_a"Дети Севера", федеральная целевая программа
_cРФ
_3RU\NLR\AUTH\8810044584
_9588588
801 0 _aRU
_bRKP
_c20021025
_gPSBO
801 1 _aRU
_bRKP
_c20021025
801 2 _aRU
_bNLR
_c20021120
_grcr
942 _cBOOK
980 _aNB